00640cam a2200181 a 450000100100000000500170001000800410002704000250006808200180009310000510011124500620016226000620022430000210028604900090030704900090031695201160032599900170044100003424420200930070911.0770721s1978 es 000 0 spa  aDO-SdBNPbspacBNPHU aG863.4bG633q1 aAvilés Ramírez, Eduardod1873-1927.95966113aEl libro de las crónicas /cEduardo Avilés Ramírez. aCaraca :bEdiciones Presidencia de la República,c1978. a248 p. ;c23 cm. aBNPD aBNGR 001050718MOaGRbGRcCTd2011-09-29iLF1l0oG863.4 G633qp34244-10r2020-06-25w2020-06-25y1ZNo se presta c33735d33735